[Event "Elista ol (Men)"]
[Site "Elista"]
[Date "1998.10.12"]
[Round "13"]
[White "Arencibia, Walter"]
[Black "Dautov, Rustem"]
[Result "0-1"]
[WhiteElo "2550"]
[BlackElo "2625"]
[PlyCount "76"]
[EventDate "1998.09.29"]
[Source "ChessBase"]
[SourceDate "1998.11.06"]

1. d4 Nf6 2. Nf3 e6 3. Bg5 c5 4. e3 h6 5. Bh4 b6 6. Nbd2 cxd4 7. exd4 Bb7 8. Bd3 Be7 9. c3 d6 10. Bxf6 Bxf6 11. Qe2 Nd7 12. O-O-O Qc7 13. Kb1 Be7 14. c4 O-O 15. d5 Nc5 16. dxe6 Nxe6 17. Rhe1 Rfe8 18. g3 Bf8 19. Qf1 Nc5 20. Bc2 d5 21. cxd5 Bxd5 22. Rxe8 Rxe8 23. Nd4 g6 24. Nb5 Qc6 25. Nc3 Bg2 26. Qc4 Bg7 27. f3 Qf6 28. Rg1 Bh3 29. g4 Qd4 30. Rd1 Qxc4 31. Nxc4 Bxc3 32. bxc3 Bg2 33. f4 Bf3 34. Rg1 Re2 35. Rg3 Be4 36. Bxe4 Rxe4 37. Ne3 Rxf4 38. Rg2 Kg7 0-1

[Event "It"]
[Site "Bourgas BUL"]
[Date "1995.10.??"]
[Round "?"]
[White "Miladinovic, Igor"]
[Black "Dolmatov, Sergey V"]
[Result "1-0"]
[WhiteElo "2555"]
[BlackElo "2615"]
[PlyCount "103"]
[EventDate "1995.??.??"]
[Source "www.chesslib.no"]
[SourceDate "2004.05.04"]

1. d4 Nf6 2. Bg5 e6 3. Nf3 h6 4. Bh4 c5 5. e3 cxd4 6. exd4 Be7 7. Bd3 b6 8. O-O Bb7 9. Nbd2 d6 10. Bxf6 Bxf6 11. a4 O-O 12. c3 a5 13. Re1 Nd7 14. Ne4 Be7 15. Bb1 Re8 16. Ng3 Nf6 17. Qd3 Bf8 18. h4 g6 19. h5 g5 20. Ba2 Bg7 21. c4 d5 22. Ne5 Qd6 23. Rac1 dxc4 24. Bxc4 Rad8 25. Nxf7 Kxf7 26. Qg6+ Kf8 27. Nf5 Qd7 28. Bb5 exf5 29. Rxe8+ Nxe8 30. Bxd7 Rxd7 31. Qxb6 f4 32. Qxa5 f3 33. gxf3 Bf6 34. Re1 Ng7 35. Qb5 Rf7 36. d5 Nxh5 37. Re6 Kg7 38. a5 Nf4 39. Rd6 Bc8 40. a6 Be5 41. Re6 Bd4 42. Qc4 Bxe6 43. dxe6 Nxe6 44. Qxe6 Ba7 45. Kg2 Rf6 46. Qe7+ Rf7 47. Qe5+ Kg6 48. b4 h5 49. b5 g4 50. Qe6+ Rf6 51. Qg8+ Kh6 52. Qa8 1-0

[Event "Las Palmas"]
[Site "Las Palmas"]
[Date "1976.??.??"]
[Round "1"]
[White "Larsen, Bent"]
[Black "Byrne, Robert E"]
[Result "1/2-1/2"]
[WhiteElo "2625"]
[BlackElo "2540"]
[PlyCount "55"]
[EventDate "1976.04.??"]
[Source "www.chesslib.no"]
[SourceDate "2004.05.04"]

1. Nf3 Nf6 2. d4 e6 3. Bg5 h6 4. Bh4 g5 5. Bg3 Ne4 6. Qd3 Nxg3 7. hxg3 Bg7 8. Nc3 d6 9. O-O-O Nd7 10. e3 a6 11. Nd2 b5 12. f4 Bb7 13. Kb1 Qe7 14. Nb3 O-O-O 15. a4 c6 16. Na5 Nb8 17. Nxb7 Kxb7 18. Be2 d5 19. Na2 Nd7 20. Qc3 Nb6 21. b3 Qa3 22. fxg5 hxg5 23. Rxh8 Rxh8 24. Rf1 f5 25. g4 Rf8 26. Qa5 c5 27. gxf5 exf5 28. Qd2 1/2-1/2

[Event "Troll Masters"]
[Site "Gausdal"]
[Date "1996.??.??"]
[Round "6"]
[White "Rogers, Ian"]
[Black "Petursson, Margeir"]
[Result "1/2-1/2"]
[WhiteElo "2580"]
[BlackElo "2585"]
[PlyCount "111"]
[EventDate "1996.??.??"]
[Source "ChessBase"]

1. d4 Nf6 2. Nf3 e6 3. Bg5 c5 4. e3 Be7 5. Bd3 b6 6. O-O Bb7 7. c4 O-O 8. Nc3 h6 9. Bh4 cxd4 10. exd4 d5 11. Re1 dxc4 12. Bxc4 Nc6 13. a3 Nh5 14. d5 Bxh4 15. dxc6 Bxc6 16. Ne5 Qxd1 17. Raxd1 Be8 18. Be2 g6 19. Bf3 Rd8 20. g3 Rxd1 21. Rxd1 Bf6 22. Nd7 Bxd7 23. Rxd7 a5 24. Rb7 Bd4 25. Ne2 Bxb2 26. a4 Rd8 27. Rxb6 Ba3 28. Rb5 Bb4 29. Bxh5 gxh5 30. Rxh5 Rd2 31. Nf4 Ra2 32. Nd3 Rxa4 33. Nxb4 axb4 34. Rb5 Ra1+ 35. Kg2 Rb1 36. Kf3 Kg7 37. h4 b3 38. Kf4 Rb2 39. Kf3 Rb1 40. Kg4 Rb2 41. Kf3 f5 42. g4 fxg4+ 43. Kxg4 Rxf2 44. Rxb3 Rf5 45. h5 Kf6 46. Rb8 Rg5+ 47. Kh4 Rg1 48. Rh8 Kg7 49. Re8 Re1 50. Kg4 Re4+ 51. Kf3 Re5 52. Kg4 Re4+ 53. Kf3 Re1 54. Kg4 Rg1+ 55. Kh4 Kf6 56. Rh8 1/2-1/2

[Event "Madrid"]
[Site "Madrid"]
[Date "1993.??.??"]
[Round "6"]
[White "Izeta Txabarri, Felix"]
[Black "Salov, Valery"]
[Result "1/2-1/2"]
[WhiteElo "2505"]
[BlackElo "2660"]
[PlyCount "67"]
[EventDate "1993.06.??"]
[Source "ChessBase"]

1. d4 Nf6 2. Nf3 e6 3. Bg5 c5 4. e3 Be7 5. Bd3 b6 6. O-O O-O 7. Nbd2 Bb7 8. c3 Nc6 9. Qe2 Nd5 10. Bxe7 Qxe7 11. a3 d6 12. Rad1 Rad8 13. Bb1 e5 14. c4 Nf6 15. dxe5 dxe5 16. Ne4 Na5 17. Nxf6+ Qxf6 18. b4 Bxf3 19. gxf3 cxb4 20. axb4 Nc6 21. b5 Nb4 22. Rxd8 Rxd8 23. Rd1 g6 24. Be4 a5 25. bxa6 Nxa6 26. Rxd8+ Qxd8 27. Qa2 Nc5 28. Bd5 Qb8 29. Qa1 Qc7 30. Qa8+ Kg7 31. Qa1 Kh6 32. Qa8 Kg7 33. Qa1 Kh6 34. Qa8 1/2-1/2

[Event "Aeroflot Open"]
[Site "Moscow"]
[Date "2004.02.20"]
[Round "4"]
[White "Moiseenko, Alexander"]
[Black "Ivanov, Alexander"]
[Result "1/2-1/2"]
[WhiteElo "2623"]
[BlackElo "2537"]
[PlyCount "79"]
[EventDate "2004.02.17"]
[Source "Roberto Alvarez"]
[SourceDate "2004.03.01"]

1. d4 Nf6 2. Bg5 e6 3. Nf3 h6 4. Bh4 b6 5. e3 Bb7 6. Nbd2 Be7 7. c3 d6 8. Bg3 Nh5 9. Bd3 Nd7 10. O-O O-O 11. h3 Nxg3 12. fxg3 Bf6 13. g4 Qe7 14. Ne4 Bxe4 15. Bxe4 d5 16. Bc2 c5 17. Qd2 Rad8 18. Rae1 e5 19. e4 cxd4 20. cxd4 dxe4 21. Bxe4 Qd6 22. h4 exd4 23. g5 Be5 24. Bb1 Bf4 25. Qxd4 Qxd4+ 26. Nxd4 hxg5 27. Nc6 Rde8 28. Ne7+ Kh8 29. hxg5 Be5 30. Nc6 Bxb2 31. Rxe8 Rxe8 32. Rxf7 Re1+ 33. Kf2 Rxb1 34. Rxd7 Kh7 35. Kf3 Rc1 36. Ne7 Ba3 37. Rxa7 Rc3+ 38. Kg4 Bxe7 39. Rxe7 Rc2 40. Ra7 1/2-1/2

[Event "Yopal"]
[Site "Yopal"]
[Date "1997.06.29"]
[Round "9"]
[White "Miles, Anthony J"]
[Black "Milos, Gilberto"]
[Result "1/2-1/2"]
[WhiteElo "2550"]
[BlackElo "2605"]
[PlyCount "42"]
[EventDate "1997.06.20"]
[Source "ChessBase"]
[SourceDate "1997.10.13"]

1. d4 Nf6 2. Nf3 e6 3. Bg5 c5 4. c3 Nc6 5. e3 Qb6 6. Qc2 d5 7. Bd3 Bd7 8. Nbd2 cxd4 9. exd4 Rc8 10. Qb3 Bd6 11. O-O h6 12. Bh4 Nh5 13. Rfe1 Qxb3 14. axb3 g5 15. Bg3 Nxg3 16. hxg3 f6 17. b4 Bb8 18. Nb3 b6 19. Nfd2 Kf7 20. Nf1 h5 21. Ne3 f5 1/2-1/2

[Event "Bermuda 81/40"]
[Site "?"]
[Date "2001.??.??"]
[Round "?"]
[White "Macieja, B."]
[Black "Stefansson, H."]
[Result "1-0"]
[WhiteElo "2583"]
[BlackElo "2570"]
[PlyCount "91"]
[EventDate "2001.??.??"]
[Source "Chess Informant"]
[SourceDate "2001.02.01"]

1. d4 Nf6 2. Nf3 e6 3. Bg5 c5 4. c3 h6 5. Bxf6 Qxf6 6. e4 Nc6 7. e5 Qg6 8. g3 cxd4 9. Bd3 f5 10. cxd4 b6 11. O-O Be7 12. Nc3 Bb7 13. a3 Rc8 14. Rc1 Na5 15. d5 O-O 16. Qa4 Rfd8 17. b4 Rxc3 18. Rxc3 Bxd5 19. Qd1 Nc6 20. Re1 d6 21. Bc4 Bxc4 22. Rxc4 Nxe5 23. Rc7 Bf6 24. Nxe5 dxe5 25. Qb3 f4 26. Qxe6+ Kh7 27. Rc8 Rxc8 28. Qxc8 h5 29. Qa8 Qg4 30. Kg2 Kh6 31. Qf3 Qf5 32. Qe4 Qg5 33. Rd1 h4 34. Rd3 Qh5 35. h3 hxg3 36. fxg3 fxg3 37. Rxg3 g6 38. Qg4 Qf5 39. Qxf5 gxf5 40. Rg8 e4 41. Kg3 Be5+ 42. Kf2 f4 43. Re8 Bd4+ 44. Kf1 e3 45. Re4 Bb2 46. Rxf4 1-0

[Event "XVII Festival"]
[Site "Abu Dhabi EAU"]
[Date "2007.08.16"]
[Round "5"]
[White "Moradiabadi, E."]
[Black "Pantsulaia, L."]
[Result "0-1"]
[WhiteElo "2540"]
[BlackElo "2611"]
[PlyCount "90"]
[EventDate "2007.08.12"]
[Source "www.chesslib.no"]
[SourceDate "2004.05.04"]

1. d4 Nf6 2. Nf3 e6 3. Bg5 h6 4. Bh4 d6 5. c4 g5 6. Bg3 Nh5 7. Nc3 Bg7 8. e3 Nc6 9. Be2 Qe7 10. Nd2 Nxg3 11. hxg3 Bd7 12. Qc2 O-O-O 13. O-O-O f5 14. Kb1 Kb8 15. d5 Nb4 16. Qb3 Na6 17. Rhe1 h5 18. dxe6 Bxe6 19. Nd5 Qe8 20. Nf3 Nc5 21. Qc2 Ne4 22. Bd3 c6 23. Nc3 Bxc3 24. bxc3 Qg6 25. Nd4 Bc8 26. Qb2 Ka8 27. Bxe4 fxe4 28. Rd2 h4 29. Ka1 hxg3 30. fxg3 Qf7 31. Qb3 a6 32. Rb1 Qc7 33. Qa3 c5 34. Nb5 Qc6 35. Rdb2 Kb8 36. Qa5 axb5 37. Rxb5 Rdf8 38. Rb6 Qc7 39. Qa6 Rf2 40. R6b5 Rh6 41. Ra5 Qg7 42. Ra3 Kc7 43. Qa5+ Kd7 44. Qa8 Qf8 45. Rab3 Ke6 0-1